00901nam a22002775a 450000500170000000800410001701000140005802000260007203500130009803700150011104000180012608200080014410000180015224500780017026000320024827000790028030000310035950000320039050000200042265000370044265000360047965000380051565000360055365000140058965000200060320090606103427.0090105r20092007flu 000 0 eng  aENG-93921 a9788189975876c395.00 aEN-77454 bDBAD / PUB adplbEnglish  a152 aDispenza, Joe aEvolve your brain :bthe science of changing your mind /cby Joe Dispenza aNew Delhi bWestland c2008 aF-5. Okhla Industrial Area, Phase-I, Mezzanine Floor, bNew Delhi e110020 axviii, 510p. c25cm (pbk)  aOriginally published: 2007. aIncluses index  aBrainxEvolutionvPopular works. aNeuropsychologyvPopular works. aBrain stimulationvPopular works. aNeurophysiologyvPopular works. aEmotions. aMental healing.